Statistics for Race-to-Nine Word Puzzle #4

Click here to take the quiz!

General Stats

  • This quiz has been taken 6,217 times
  • The average score is 4 of 7

Answer Stats

#Answer% Correct
3Its, Sit, Tis
100%
4Stir
97%
5Shirt
95%
6Theirs
70%
7Hastier
13%
8Hysteria
7%
9Hairstyle
6%

Score Distribution

Percentile by Number Answered

Percent of People with Each Score

Your Score History

You have not taken this quiz